[Event "Niedersachsen-ch Seniors"]
[Site "Lehrte"]
[Date "2019.07.25"]
[Round "6"]
[White "Pape, Kurt"]
[Black "Rosemeyer, Andreas"]
[Result "1/2-1/2"]
[WhiteElo "1774"]
[BlackElo "2032"]
[PlyCount "59"]
[EventDate "2019.07.20"]
[EventType "swiss"]
[EventRounds "7"]
[EventCountry "GER"]
[SourceTitle "EXT 2023"]
[Source "ChessBase"]
[SourceDate "2022.10.05"]
[SourceVersion "1"]
[SourceVersionDate "2022.10.05"]
[SourceQuality "1"]

1. d4 c5 2. d5 e5 3. e4 d6 4. Bd3 Be7 5. c4 Bg5 6. Nf3 Bxc1 7. Qxc1 Nf6 8. 0-0 Bg4 9. Qe3 0-0 10. Nc3 Na6 11. a3 Nh5 12. Ne2 Qf6 13. h3 Bd7 14. Qg5 Qxg5 15. Nxg5 Nc7 16. b4 b6 17. bxc5 bxc5 18. Rab1 Rab8 19. Rxb8 Rxb8 20. Rb1 Rxb1+ 21. Bxb1 Ba4 22. g4 Nf6 23. Kf1 h6 24. Nf3 Bd1 25. Nd2 Ba4 26. Nc3 Bd7 27. Nb3 Kf8 28. Bc2 Ng8 29. Na5 a6 30. Ba4 1/2-1/2

[Event "Bad Zwesten op 3rd"]
[Site "Bad Zwesten"]
[Date "1999.01.06"]
[Round "9"]
[White "Schumacher, Gottfried"]
[Black "Rosemeyer, Andreas"]
[Result "1-0"]
[WhiteElo "2187"]
[BlackElo "2205"]
[PlyCount "55"]
[EventDate "1999.01.??"]
[EventType "swiss"]
[EventRounds "9"]
[EventCountry "GER"]
[SourceTitle "CBM 068 Extra"]
[Source "ChessBase"]
[SourceDate "1999.03.01"]
[SourceVersion "1"]
[SourceVersionDate "1999.03.01"]
[SourceQuality "1"]

1. d4 Nf6 2. c4 d6 3. Nc3 g6 4. Bg5 Nbd7 5. Nf3 Bg7 6. Qd2 h6 7. Bh4 0-0 8. e3 b6 9. Be2 Bb7 10. 0-0 Ne4 11. Nxe4 Bxe4 12. Rfd1 c5 13. Rac1 Nf6 14. b4 cxb4 15. Qxb4 g5 16. Bg3 Nh5 17. c5 Nxg3 18. hxg3 bxc5 19. dxc5 d5 20. Nd4 a6 21. c6 Qc7 22. Qb7 Qa5 23. c7 Rac8 24. Nc6 Qa3 25. Na7 f5 26. Nxc8 d4 27. Nxe7+ Qxe7 28. Qb3+ 1-0